000 00880nam a2200277Ia 4500
001 Z_391
003 CHAP
008 220113s1978 xx 000 0 und d
010 _a163367
040 _cCHAP
090 _aTesis E 36
100 _aEspinosa Góngora, Francisco Fernando
_937945
245 _aValor nutritivo del trigo sarraceno (Fagopyrum tartaricum) como única fuente de proteína en dietas para pollos en iniciación /
_cpor Francisco Fernando Espinosa Góngora
260 _aChapingo, Méx. :
_bEl autor,
_c1978
300 _a56 h.
502 _aTesis (Ing. Agrónomo Esp. en Zootecnia) -- ENA. Departamento de Zootecnia
650 _aAlforfón
_93946
650 _aAves de corral
_xNutrición
_98672
650 _aTrigo
_xValor nutritivo
_9115118
901 _aTESIS E 36
902 _aM
910 _a1978
942 _c2
942 _c2
999 _c163367
_d163367